000
00287nam a22001337a 4500
008
170923b xxu||||| |||| 00| 0 eng d
020
_a
9780873674690
041
_a
eng
080
_a
37
100
_a
46
101
_a
EDU
245
_a
DEBUNKING THE MYTH
_c
BROWN, O.G
942
_2
udc
_c
BK
999
_c
29406
_d
29406